Races bovines française - Statistiques

Statistiques générales
  • Ce quiz a été pris 485 fois
    479 depuis la dernière actualisation
  • Le résultat moyen est 14 sur 50
Statistiques - réponses
Par images Réponse % Correct
Prim'Holstein
77%
Normande
70%
Charolaise
69%
Limousine
59%
Salers
59%
Aubrac
57%
Abondance
56%
Montbéliarde
55%
Brune
51%
Vosgienne
51%
Blanc Bleu Belge
47%
Jersiaise
42%
Angus
39%
Blonde d'Aquitaine
34%
Corse
34%
Pie Rouge des Plaines
34%
Bretonne Pie Noire
33%
Simmental Française
33%
Rouge des Prés
32%
Créole
31%
Gasconne
27%
Tarentaise
24%
Armoricaine
23%
Bleue du Nord
23%
Parthenaise
21%
Bazadaise
20%
Canadienne
18%
Inra 95
17%
Nantaise
17%
Rouge Flamande
17%
Bordelaise
16%
Hereford
16%
Hérens
16%
Lourdaise
16%
Brahman
14%
Béarnaise
13%
Ferrandaise
13%
Villard de Lans
13%
Wagyu
13%
Froment du Léon
12%
Maraîchine
12%
Brava
10%
Raço di Bioù
10%
Auroch de Heck
9%
Mirandaise
9%
Saosnoise
9%
Aure-et-Saint-Girons
8%
Moka
7%
Bleue de Bazougers
5%
Pirenaica
5%
Aucun quiz correspondant
Distribution des résultats
% des personnes avec chaque résultat
Percentile par nombre de réponses
Votre historique - résultats
Vous n’avez pas pris ce quiz depuis la dernière actualisation